000
00205nam a22000977a 4500
999
_c
259142
_d
259141
020
_a
9780470317549
245
_a
Accounting principles
250
_a
9th ed
260
_a
New York
_b
Wiley
_c
2009
942
_c
BK